<?xml version="1.0" encoding="UTF-8"?>
<record
    xmlns:xsi="http://www.w3.org/2001/XMLSchema-instance"
    xsi:schemaLocation="http://www.loc.gov/MARC21/slim http://www.loc.gov/standards/marcxml/schema/MARC21slim.xsd"
    xmlns="http://www.loc.gov/MARC21/slim">

  <leader>01081nas a2200277Ia 4500</leader>
  <controlfield tag="001">A01/R004-33814 </controlfield>
  <controlfield tag="003">IT-MiCISF</controlfield>
  <controlfield tag="008">161014c99999999xx ||||||||||||   ||und||</controlfield>
  <datafield tag="040" ind1=" " ind2=" ">
    <subfield code="a">IT-MiCISF</subfield>
    <subfield code="c">IT-MiCISF</subfield>
  </datafield>
  <datafield tag="041" ind1=" " ind2=" ">
    <subfield code="a">INGLESE</subfield>
  </datafield>
  <datafield tag="100" ind1=" " ind2=" ">
    <subfield code="a">Dunn Judy </subfield>
  </datafield>
  <datafield tag="210" ind1=" " ind2=" ">
    <subfield code="a">Journal of Family Psychology</subfield>
  </datafield>
  <datafield tag="222" ind1=" " ind2=" ">
    <subfield code="a">Journal of Family Psychology</subfield>
  </datafield>
  <datafield tag="240" ind1=" " ind2=" ">
    <subfield code="a">Family Lives and Friendships: the Perspectives of Children in  Step-, Single Parent and Nonstep Families</subfield>
  </datafield>
  <datafield tag="245" ind1=" " ind2="0">
    <subfield code="a">Family Lives and Friendships: the Perspectives of Children in  Step-, Single Parent and Nonstep Families</subfield>
  </datafield>
  <datafield tag="250" ind1=" " ind2=" ">
    <subfield code="a">1a ed.</subfield>
  </datafield>
  <datafield tag="260" ind1=" " ind2=" ">
    <subfield code="c">2001</subfield>
  </datafield>
  <datafield tag="501" ind1=" " ind2=" ">
    <subfield code="b">CISF - Centro Internazionale Studi Famiglia - Via Giotto, 36  20145 MILANO  (non commercial uses only)</subfield>
    <subfield code="c">Copyright 2016</subfield>
  </datafield>
  <datafield tag="300" ind1=" " ind2=" ">
    <subfield code="a">pp. 272-287</subfield>
  </datafield>
  <datafield tag="362" ind1=" " ind2=" ">
    <subfield code="a">vol. 15, n. 2, giugno [2001]</subfield>
  </datafield>
  <datafield tag="500" ind1=" " ind2=" ">
    <subfield code="a">Davies L.C., O'Connor T.G., Sturgess W. Tema: famiglia, famiglia-monogenitoriale, famiglia-ricostituita, infanzia, amicizia</subfield>
  </datafield>
  <datafield tag="650" ind1=" " ind2=" ">
    <subfield code="a">FAMIGLIA</subfield>
    <subfield code="v">articolo</subfield>
  </datafield>
  <datafield tag="700" ind1=" " ind2=" ">
    <subfield code="a">AA.VV.</subfield>
  </datafield>
  <datafield tag="942" ind1=" " ind2=" ">
    <subfield code="c">CR</subfield>
  </datafield>
  <datafield tag="957" ind1=" " ind2=" ">
    <subfield code="7">1</subfield>
  </datafield>
  <datafield tag="999" ind1=" " ind2=" ">
    <subfield code="a">33814</subfield>
    <subfield code="b">Si</subfield>
    <subfield code="g">1</subfield>
    <subfield code="c">249262</subfield>
    <subfield code="d">249262</subfield>
  </datafield>
  <datafield tag="952" ind1=" " ind2=" ">
    <subfield code="0">0</subfield>
    <subfield code="1">0</subfield>
    <subfield code="4">0</subfield>
    <subfield code="6">A_01_000000000000000_R00433814</subfield>
    <subfield code="7">1</subfield>
    <subfield code="a">CISF</subfield>
    <subfield code="b">CISF</subfield>
    <subfield code="d">2016-10-14</subfield>
    <subfield code="l">0</subfield>
    <subfield code="o">A01/R004-33814 </subfield>
    <subfield code="r">2016-10-14 00:00:00</subfield>
    <subfield code="w">2016-10-14</subfield>
    <subfield code="y">CR</subfield>
    <subfield code="z">Data import 15.10.2016 / by Epidotti,  Vaglietti</subfield>
  </datafield>
</record>
